Statistics for Fill the World Map with All Country Tripoints

Click here to take the quiz!

General Stats

  • This quiz has been taken 373 times
  • The average score is 132 of 169

Answers on the Map

Answers color-coded by a green-red scale on the quiz's map according to % correct below.
 

Answer Stats

LatLonTripoint% Correct
-10.93333333-69.56694444BOL BRA PER
89%
1.233333333-66.85BRA COL VEN
89%
5.183333333-60.76666667BRA GUY VEN
89%
69.0597222220.54694444FIN NORW SWE
89%
-22.80833333-67.17777778ARG BOL CHIL
88%
-30.18333333-57.6ARG BRA URU
88%
49.85116.7166667CHIN MONG RUS (E)
88%
49.1666666787.81666667CHIN MONG RUS (W)
88%
-0.116666667-75.25COL ECU PER
88%
45.92257.041388889FRA ITA SWI
88%
50.754444446.020833333BELG GER NET
87%
17.8-89.14833333BELI GUA MEX
87%
-4.216666667-69.93333333BRA COL PER
87%
1.95-56.48333333BRA GUY SUR
87%
30.233333339.533333333ALG LIBY TUN
86%
-25.5925-54.59361111ARG BRA PAR
86%
52.1161111131.78055556BELA RUS UKR
86%
-20.16666667-58.16666667BOL BRA PAR
86%
2.333333333-54.55BRA FRA SUR
86%
27.8833333388.13333333CHIN INDI NEP (E)
86%
30.281.03333333CHIN INDI NEP (W)
86%
35.676.8CHIN INDI PAK
86%
50.8702777814.82583333CZE GER POL
86%
2225EGY LIBY SUD
86%
27.3-8.666666667ALG MAURITA MOR
85%
14.42166667-89.35055556ELS GUA HON
85%
48.2638888926.62527778MOL ROM UKR (N)
85%
45.4666666728.21333333MOL ROM UKR (S)
85%
42.50251.724444444AND FRA SPA (E)
84%
42.601944441.442222222AND FRA SPA (W)
84%
-17.5-69.48333333BOL CHIL PER
84%
57.52527.35194444EST LAT RUS
84%
29.146.55IRAQ KUW SAU
84%
22.755.21666667OMA SAU UAE
84%
1952OMA SAU YEM
84%
44.852519.01055556BOS CRO SER
83%
22.4102.15CHIN LAO VIE
83%
29.86160.8828AFG IRAN PAK
82%
19.154.266666667ALG MALI NIGER
82%
48.0066666717.16055556AUSTRI HUN SLOVA
82%
46.8691666716.11361111AUSTRI HUN SLOVE
82%
51.5047222223.62472222BELA POL UKR
82%
44.2166666722.68333333BUL ROM SER
82%
14.68333333107.55CAMB LAO VIE
82%
42.43333333130.6166667CHIN NORT RUS
82%
69.0527777828.93333333FIN NORW RUS
82%
47.589722227.588888889FRA GER SWI
82%
37.1544.78333333IRAN IRAQ TURKE
82%
37.111642.3633IRAQ SYR TURKE
82%
14.76666667-12.25MALI MAURITA SEN
82%
35.6166666761.28333333AFG IRAN TURKM
81%
40.8516666720.98333333ALB GREE MAC
81%
25-4.833333333ALG MALI MAURITA
81%
-10.8833333323.98333333ANG DRC ZAM
81%
48.7711111113.83944444AUSTRI CZE GER
81%
46.5227777813.71416667AUSTRI ITA SLOVE
81%
41.946.40194444AZE GEO RUS
81%
27.7666666791.65BHU CHIN INDI (E)
81%
27.3333333388.91666667BHU CHIN INDI (W)
81%
-24.7666666720BOT NAM S.AFR
81%
14.33333333105.2166667CAMB LAO THA
81%
12.4666666742.4DJI ERI ETH
81%
3.98333333341.9ETH KEN SOM
81%
9.534.10666667ETH S.SUD SUD
81%
32.1539.2IRAQ JOR SAU
81%
-22.23333333-62.65ARG BOL PAR
80%
38.8666666746.53333333ARM AZE IRAN (E)
80%
38.8546.15ARM AZE IRAN (W)
80%
46.8544444410.46888889AUSTRI ITA SWI
80%
55.6791666726.63333333BELA LAT LIT
80%
56.1619444428.15722222BELA LAT RUS
80%
41.3436111122.94444444BUL GREE MAC
80%
2315CHA LIBY NIGER
80%
19.524CHA LIBY SUD
80%
14.2536.56666667ERI ETH SUD
80%
42.2666666770.95KAZ KYR UZB
80%
41.3166666756KAZ TURKM UZB
80%
49.0872222222.56305556POL SLOVA UKR
80%
41.3019444445.00388889ARM AZE GEO
79%
53.9547222223.51666667BELA LIT POL
79%
110.916666667BEN BURK TOG
79%
11.73.6BEN NIGER NIGERIA
79%
41.7119444426.35083333BUL GREE TURKE
79%
9.483333333-2.683333333BURK COT GHA
79%
10.43333333-5.516666667BURK COT MALI
79%
11.116666670BURK GHA TOG
79%
10.9333333322.86666667CAR CHA SUD
79%
13.713.63333333CHA NIGER NIGERIA
79%
49.517518.84888889CZE POL SLOVA
79%
10.9833333342.96666667DJI ETH SOM
79%
33.3333333335.76666667ISR LEB SYR
79%
20.35100.0833333LAO MYA THA
79%
41.1333333343.46666667ARM GEO TURKE
78%
50.129722226.1375BELG GER LUX
78%
5.01666666727.45CAR DRC S.SUD
78%
42.2166666780.25CHIN KAZ KYR
78%
8.483333333-10.26666667GUINEA LIBE SIE
78%
54.362522.79055556LIT POL RUS
78%
37.0333333374.56666667AFG CHIN PAK
77%
37.1666666767.78333333AFG TAJ UZB
77%
37.3566.55AFG TURKM UZB
77%
23.5166666712ALG LIBY NIGER
77%
49.546111115.818055556BELG FRA LUX
77%
43.5166666719.21666667BOS MONT SER
77%
7.53333333315.5CAME CAR CHA
77%
13.0833333314.08333333CAME CHA NIGERIA
77%
3.46666666718.61666667CAR DRC ROC
77%
8.64583333324.23583333CAR S.SUD SUD
77%
49.099887.3123CHIN KAZ RUS
77%
21.56666667101.15CHIN LAO MYA
77%
45.9166666718.9CRO HUN SER
77%
46.4666666716.61666667CRO HUN SLOVE
77%
49.469444446.367222222FRA GER LUX
77%
12.68333333-13.71666667GUINEA GUINEA-B SEN
77%
33.3666666738.8IRAQ JOR SYR
77%
40.2333333370.98333333KYR TAJ UZB
77%
-25.9531.96666667MOZ S.AFR SWA (N)
77%
-26.8333333332.13333333MOZ S.AFR SWA (S)
77%
21.9833333392.6BAN INDI MYA
76%
150.233333333BURK MALI NIGER
76%
28.2166666797.35CHIN INDI MYA
76%
47.9544444422.89722222HUN ROM UKR
76%
32.7535.75ISR JOR SYR
76%
42.8333333320.35KOS MONT SER
76%
41.877520.59444444ALB KOS MAC
75%
48.6163888916.94AUSTRI CZE SLOVA
75%
47.266666679.530277778AUSTRI LIE SWI (N)
75%
47.059.606666667AUSTRI LIE SWI (S)
75%
-22.229.36666667BOT S.AFR ZIM
75%
-2.7529.03333333BURU DRC RWA
75%
2.16666666711.33333333CAME EQU GAB
75%
2.16666666713.3CAME GAB ROC
75%
7.566666667-8.466666667COT GUINEA LIBE
75%
-1.38333333329.6DRC RWA UGA
75%
46.1166666720.25HUN ROM SER
75%
4.21666666734KEN S.SUD UGA
75%
-14.0166666733.21666667MALAW MOZ ZAM
75%
-15.6166666730.41666667MOZ ZAM ZIM
75%
47.529166679.611388889AUSTRI GER SWI
74%
39.4666666773.6CHIN KYR TAJ
74%
10.16666667-7.966666667COT GUINEA MALI
74%
42.5561111120.07861111ALB KOS MONT
73%
-17.6333333323.46666667ANG NAM ZAM
73%
42.3166666722.36666667BUL MAC SER
73%
2.21666666716.2CAME CAR ROC
73%
42.2666666721.58333333KOS MAC SER
73%
-2.430.56666667BURU RWA TAN
72%
3.530.86666667DRC S.SUD UGA
72%
5.435.3ETH KEN S.SUD
72%
-22.4213888931.30888889MOZ S.AFR ZIM
72%
37.2333333374.88333333AFG CHIN TAJ
71%
11.92.4BEN BURK NIGER
71%
12.41666667-11.36666667GUINEA MALI SEN
71%
48.40522.14HUN SLOVA UKR
71%
-11.5666666734.96666667MALAW MOZ TAN
69%
-9.432.96666667MALAW TAN ZAM
69%
-1.06666666730.48333333RWA TAN UGA
69%
-4.68333333313.1ANG DRC ROC
67%
-133.91666667KEN TAN UGA
67%
-17.7877777825.25666667BOT NAM ZAM
63%
-17.7988888925.27027778BOT ZAM ZIM
63%
-4.4529.41666667BURU DRC TAN
63%
-8.230.76666667DRC TAN ZAM
63%
39.6333333344.81666667AZE IRAN TURKE
60%
38.751.4AZE IRAN TURKM
60%
39.7166666744.76666667ARM AZE TURKE
56%
42.5622222218.45BOS CRO MONT
56%
42.849.9AZE KAZ RUS
40%
41.551AZE KAZ TURKM
39%

Score Distribution

Percentile by Number Answered

Percent of People with Each Score

Your Score History

You have not taken this quiz